The art of valuing rents and tillages (Record no. 113980)
[ view plain ]
| 000 -LEADER | |
|---|---|
| fixed length control field | 00830cam a22001935a 4500 |
| 001 - CONTROL NUMBER | |
| control field | L156014 |
| 008 - FIXED-LENGTH DATA ELEMENTS--GENERAL INFORMATION | |
| fixed length control field | 120424s1823 xxk f 000 0 eng d |
| 035 ## - SYSTEM CONTROL NUMBER | |
| System control number | (Sirsi) u156014 |
| 041 0# - LANGUAGE CODE | |
| Language code of text/sound track or separate title | eng |
| 100 1# - MAIN ENTRY--PERSONAL NAME | |
| Personal name | Bayldon, J. S. |
| 245 04 - TITLE STATEMENT | |
| Title | The art of valuing rents and tillages |
| Remainder of title | wherein is explained the manner of valuing the tenant's right on entering and quitting farms, in Yorkshire and the adjoining counties : the whole is adapted for the use of landlords, land agents, appraisers, farmers, and tennants |
| 260 ## - PUBLICATION, DISTRIBUTION, ETC. | |
| Place of publication, distribution, etc. | London |
| Name of publisher, distributor, etc. | Printed for Longman, Hurst, Rees, Orme and Brown |
| Date of publication, distribution, etc. | 1823 |
| 300 ## - PHYSICAL DESCRIPTION | |
| Extent | [4], 187, [1] p. |
| Other physical details | ill., plan |
| Dimensions | 24 cm. |
| 583 ## - ACTION NOTE | |
| Action | Condition reviewed |
| Time/date of action | 20120620 |
| Status | condition level 2 and 4 |
| 651 #4 - SUBJECT ADDED ENTRY--GEOGRAPHIC NAME | |
| Geographic name | Great Britain |
| Chronological subdivision | 1707- |
| 690 ## - LOCAL SUBJECT ADDED ENTRY--TOPICAL TERM (OCLC, RLIN) | |
| Topical term or geographic name as entry element | Landlord and tenant |
| 9 (RLIN) | 6252 |
| 690 ## - LOCAL SUBJECT ADDED ENTRY--TOPICAL TERM (OCLC, RLIN) | |
| Topical term or geographic name as entry element | Valuation |
| 9 (RLIN) | 6273 |
| 942 ## - ADDED ENTRY ELEMENTS (KOHA) | |
| Suppress in OPAC | 0 |
| Withdrawn status | Lost status | Damaged status | Not for loan | Home library | Current library | Shelving location | Date acquired | Total Checkouts | Full call number | Barcode | Date last seen | Copy number | Price effective from | Koha item type |
|---|---|---|---|---|---|---|---|---|---|---|---|---|---|---|
| Historic collection | Historic collection | Historic collection | 24/04/2012 | PRICE QUARTO 1823 BAYLDON | 30077881 | 20/08/2025 | 1 | 06/08/2019 | Book | |||||
| Historic collection | Historic collection | Historic collection | 24/04/2012 | PRICE QUARTO 1823 BAYLDON | 30077908 | 20/08/2025 | 2 | 06/08/2019 | Book |